Handbook of computer-communications standards
This book introduce local network technology, local network standards. IEEE 802.2 logical link control. IEEE 802.3 CSMA/CD. IEEE 802.4 token bus
Đã lưu trong:
| 主要作者: | |
|---|---|
| 格式: | 圖書 |
| 語言: | Undetermined |
| 出版: |
Indianapolis
Howard W. Sams & company
1987
|
| 主題: | |
| 標簽: |
添加標簽
沒有標簽, 成為第一個標記此記錄!
|
| Thư viện lưu trữ: | Trung tâm Học liệu Trường Đại học Cần Thơ |
|---|
| LEADER | 00769nam a2200205Ia 4500 | ||
|---|---|---|---|
| 001 | CTU_232568 | ||
| 008 | 210402s9999 xx 000 0 und d | ||
| 082 | |a 004.6 | ||
| 082 | |b S782/Vol.2 | ||
| 100 | |a Stallings, William | ||
| 245 | 0 | |a Handbook of computer-communications standards | |
| 245 | 0 | |c William Stallings | |
| 260 | |a Indianapolis | ||
| 260 | |b Howard W. Sams & company | ||
| 260 | |c 1987 | ||
| 520 | |a This book introduce local network technology, local network standards. IEEE 802.2 logical link control. IEEE 802.3 CSMA/CD. IEEE 802.4 token bus | ||
| 650 | |a Hệ thống truyền dữ liệu,Data transmission systems | ||
| 650 | |x Tiêu chuẩn,Standards | ||
| 910 | |b dqhieu | ||
| 980 | |a Trung tâm Học liệu Trường Đại học Cần Thơ | ||